Online
Catalog

Episodios de la revolución desunionista : (Record no. 27142)

MARC details
000 -CABECERA
campo de control de longitud fija 00937nam a2200253 a 4500
001 - NÚMERO DE CONTROL
campo de control 000027650
003 - IDENTIFICADOR DEL NÚMERO DE CONTROL
campo de control DO-SdBNP
005 - FECHA Y HORA DE LA ÚLTIMA TRANSACCIÓN
campo de control 20250625133924.0
008 - DATOS DE LONGITUD FIJA--INFORMACIÓN GENERAL
campo de control de longitud fija 110404s1974 dr c 000 0 spa d
040 ## - FUENTE DE LA CATALOGACIÓN
Centro catalogador/agencia de origen DO-SdBNP
Lengua de catalogación spa
Centro/agencia transcriptor BNPHU
082 #4 - NÚMERO DE LA CLASIFICACIÓN DECIMAL DEWEY
Número de clasificación 972.9304
Número de documento/Ítem M425e 1974
Número de edición 22
100 1# - ENTRADA PRINCIPAL--NOMBRE DE PERSONA
Nombre de persona Mateizan, Manuel de
9 (RLIN) 54739
245 10 - MENCIÓN DE TÍTULO
Título Episodios de la revolución desunionista :
Resto del título 21 de enero y 27 de mayo de 1904 /
Mención de responsabilidad, etc. Manuel de Mateizan.
250 ## - MENCIÓN DE EDICIÓN
Mención de edición 2a. ed.
260 ## - PUBLICACIÓN, DISTRIBUCIÓN, ETC.
Lugar de publicación, distribución, etc. Santo Domingo :
Nombre del editor, distribuidor, etc. Secretaría de Educación,
Fecha de publicación, distribución, etc. 1974.
300 ## - DESCRIPCIÓN FÍSICA
Extensión 54 p. :
Otras características físicas il., retrs. ;
Dimensiones 21 cm.
490 0# - MENCIÓN DE SERIE
Mención de serie Enriquillo
500 ## - NOTA GENERAL
Nota general Incluye referencias bibliográficas y notas al pie de las páginas
533 ## - NOTA DE REPRODUCCIÓN
Tipo de reproducción Facsimilar
Lugar de la reproducción Santo Domingo, Republica Dominicana
Institución responsable de la reproducción Imp. Flor del Ozama
Fecha de la reproducción 1906.
590 ## - NOTA LOCAL (RLIN)
Nota local Inventariado, 2018/LP
651 #0 - PUNTO DE ACCESO ADICIONAL DE MATERIA--NOMBRE GEOGRÁFICO
Nombre geográfico República Dominicana
Subdivisión general Historia
Subdivisión cronológica 1844-1930
9 (RLIN) 1009
910 ## - DATOS DE OPCIÓN DEL USUARIO (OCLC)
Datos de opción del usuario Validado. Control de calidad MFF
942 ## - ELEMENTOS DE PUNTO DE ACCESO ADICIONAL (KOHA)
Fuente del sistema de clasificación o colocación Dewey Decimal Classification
Tipo de ítem Koha Libro
Holdings
Estado de retiro Estado de pérdida Fuente del sistema de clasificación o colocación Restricciones de uso No para préstamo Código de colección Localización permanente Ubicación/localización actual Ubicación en estantería Fecha de adquisición Total de préstamos Signatura topográfica completa Código de barras Fecha visto por última vez Precio válido a partir de Tipo de ítem Koha Número de copia
    Dewey Decimal Classification Excluido de préstamo   Patrimonio Dominicano Biblioteca Nacional Pedro Henríquez Ureña Patrimonio Dominicano Depósito 04.04.2011   BNPHU PD 972.9304 M425e 1974 27650-10 25.06.2020 25.06.2020 Libro y Folleto Colección Patrimonio Dominicano  
    Dewey Decimal Classification Excluido de préstamo   Patrimonio Dominicano Biblioteca Nacional Pedro Henríquez Ureña Patrimonio Dominicano Depósito 04.04.2011   BNPHU PD 972.9304 M425e 1974 27650-20 25.06.2020 25.06.2020 Libro y Folleto Colección Patrimonio Dominicano e. 2
    Dewey Decimal Classification Préstamo en sala   Dominicana de Servicio Biblioteca Nacional Pedro Henríquez Ureña Patrimonio Dominicano Depósito 04.04.2011   BNPHU DS 972.9304 M425e 1974 27650-30 25.06.2020 25.06.2020 Libro y Folleto Colección Dominicana de Servicio e. 3
    Dewey Decimal Classification Préstamo en sala   Dominicana de Servicio Biblioteca Nacional Pedro Henríquez Ureña Patrimonio Dominicano Depósito 10.05.2011   BNPHU DS 972.9304 M425e 1974 27650-40 25.06.2020 25.06.2020 Libro y Folleto Colección Dominicana de Servicio e. 4
    Dewey Decimal Classification Préstamo en sala   Dominicana de Servicio Biblioteca Nacional Pedro Henríquez Ureña Patrimonio Dominicano Depósito 23.11.2011   BNPHU DS 972.9304 M425e 1974 27650-50 25.06.2020 25.06.2020 Libro y Folleto Colección Dominicana de Servicio e. 5

Powered by Koha